000 00654nam a2200241Ia 4500
003 OSt
005 20220918210303.0
006 a|||||r|||| 00| 0
007 ta
008 220917b |||||||| |||| 00| 0 eng d
024 _a119,957
037 _cTextual
040 _aARTS
_cARTS
_beng
041 _2eng
_aeng
082 _aV687:51.N7, M1
100 _aNazareth J M
_9117741
245 0 _aBrown man black country
_b A peep into Kanya's freedom struggle
260 _aNew Delhi
_bTidings
_c1981
300 _a549p.
_ccm.
650 _aHISTORY
942 _hV687:51.N7, M1
_cTEXL
_2CC
999 _c243215
_d243215